000 01004 a2200217 4500
001 46723
005 20260407155738.0
008 260407a1983 arg spa d
003 AR-UNSa-BCEJYS
040 _aAR-UNSa-BCEJYS
_bspa
_cAR-UNSa-BCEJYS
080 _a330.35
_xCrecimiento económico
245 1 0 _aCrecimiento económico y distribución de la renta
_pensayos de teoría económica
020 _a84-206-2111-7
250 _a2a. ed.
264 1 _aMadrid :
_bAlianza Editorial
_c1983
300 _a178 p.
_c20 cm.
505 _a1.Una formulación matemática del sistema ricardiano – 2. La teoría de la demanda efectiva – 3. Fluctuaciones cíclicas y crecimiento económico – 4. De la dinámica económica clásica a la keynesiana – 5. Tasa de beneficio y distribución de la renta en relación con la tasa de crecimiento económico – 6. La tasa de beneficio en una economía en expansión.
942 _cBK
590 _aniveau_biblio:m niveau_hierar:0
100 1 _aPasinetti, Luigi
999 _c4236
_d4236